Muumilaakson tarinoita hahmot - Statistics

Yleistilastot
  • Tätä visaa on pelattu 102 kertaa
  • Keskiarvotulos 21 / 45
Vastaustilastot
Vastaus % Oikein
43 Muumipeikko
100%
1 Muumimamma
97%
2 Muumipappa
97%
4 Niisku
97%
3 Niiskuneiti
97%
5 Pikkumyy
97%
6 Nuuskamuikkunen
95%
19 Mörkö
94%
7 Nipsu
92%
8 Hemuli
91%
15 Haisuli
87%
16 Tiuhti
81%
17 Viuhti
81%
21 Mymmeli
76%
23 Noita
70%
18 Vilijonkka
70%
14 Tuutikki
68%
25 Taikuri
65%
24 Aliisa
63%
20 Hattivatit
58%
27 Hosuli
53%
23 Ninni
51%
28 Sosuli
38%
33 Esi-isä
25%
38 Surku
24%
40 Fredrikson
23%
26 Jäärouva
16%
35 Primadonna
16%
42 Ti-ti uu
16%
41 Drontti Edvard
15%
13 Jenni-täti
15%
39 Juksu
15%
32 Majakanvartija
14%
36 Tahmatassu
13%
11 Reippailija-Hemuli
10%
10 Launo
8%
29 Teatterirotta Emma
8%
34 Posteljooni
6%
31 Kummitus
5%
44 Lohikäärme
5%
22 Mymmelin tytär
4%
9 Muumipoliisi
3%
30 Vilijaana
3%
12 Hemulin täti
0%
37 Muurahaiskorento
0%
Ehtoja vastaavia visoja ei löytynyt
Tulosjakauma
Jokaisen tuloksen saaneiden osuus
Persentiili vastausten määrän mukaan
Tuloshistoriasi
Et ole pelannut tätä visaa